| 000 | 00552nam a22001937a 4500 | ||
|---|---|---|---|
| 003 | CEME | ||
| 005 | 20210628203953.0 | ||
| 008 | 210105b xxu||||| |||| 00| 0 eng d | ||
| 020 | _a9780273716860 | ||
| 040 | _c. | ||
| 082 | _a650.072 SAU | ||
| 100 |
_aSaunders, Mark, Lewis, Philip, Thornhill, Adrian _968088 |
||
| 245 | _aResearch methods for business students | ||
| 250 | _a5TH | ||
| 260 |
_aITALY _bPRENTICE HALL _c2009 |
||
| 300 | _aXXXI,614P | ||
| 650 |
_aBUSINESS-RESEARCH.RESEARCH METHODS FOR BUSINESS STUDENTS _968089 |
||
| 942 |
_cBK _2ddc |
||
| 999 |
_c575737 _d575737 |
||